000 00483cam a2200157 4500500
005 20251012023105.0
041 _afre
042 _adc
100 1 0 _aBoriceanu, Oana
_eauthor
700 1 0 _a Frizet, Guillaume
_eauthor
245 0 0 _aUn scénario des violences conjugales
260 _c2005.
500 _a55
786 0 _nPsy Cause | º39 | 1 | 2005-01-01 | p. 4-10 | 1245-2394
856 4 1 _uhttps://shs.cairn.info/revue-psy-cause-2005-1-page-4?lang=fr&redirect-ssocas=7080
999 _c1541193
_d1541193